LEADER 01194nam a2200229 4500 001 000000338690 003 CaOOAMICUS 005 20191224115633.0 008 191224s1795 it 000 u ita r 026 $aX.is hei- .,n- "s"m (3) 1795 (R) 040 $aSeMil$bita 245 00$aTomo secondo. 264 1$aIn Roma :$bDalle stampe di Giovanni Zempel,$c1795. 300 $a[4], 302, [2] p. ;$c4° 500 $aSegn.: ?² A-2P? 700 11$aLafitau, Pierre-François.$0(OLS)http://semarc/name/14399 773 0 $aLafitau, Pierre-François$tIstoria della costituzione Unigenitus Dei filius di Pietro Francesco Lafiteau vescovo di Sisteron. Traduzione dal francese d'Innocenzo Nuzzi patrizio romano e cameriere d'onore del s. pontefice Benedetto 14. ...$dIn Roma : Dalle stampe di Giovanni Zempel, 1794-1796.$bEdizione novissima corredata di annotazioni, appendice storica e documenti$g2$w()338688 850 $aSeMil 852 $aSeMil$W1$xVenegono$y1$m3X V 55 FA$j217678$B229848$CSeMilBibl$Z2$F229848 $8I 996 $6245$aTomo secondo$9(OLS)http://semarc/title/54511 996 $6264$aIn Roma :$bDalle stampe di Giovanni Zempel$9(OLS)http://semarc/publisher/58766 LEADER 01153nam a2200277 i 4500 001 000000119430 003 CaOOAMICUS 005 20050825000000.0 008 050825s1986 it u000 u mul u 013 $a92124 020 $a88-374-0967-2 040 $aSeMil$bita 100 1 $aCarli, Enzo,$d<1910-1999>.$0(OLS)http://semarc/name/92173 245 10$aGiovanni Pisano, il pulpito di Pistoia /$ctesto di Enzo Carli ; fotografie di Aurelio Amendola. 260 $a[Milano] :$bGiorgio Mondadori & Associati,$ccopyr. 1986. 300 $a142 p. :$briccamente ill. ;$c30 cm. 500 $aFondo Ciprandi. 650 4$aPisano, Giovanni.$0(OLS)http://semarc/subject/22366 700 1 $aAmendola, Aurelio.$0(OLS)http://semarc/name/49795 850 $aSeMil 852 $aSeMil$W1$xVenegono$y1$m5S X 15$j74638$B74638$CSeMilBibl$Z2$F102009 $8I 941 1 $a1 961 $aOmaggio: Ciprandi dott. Paolo 996 $6020$a88-374-0967-2$9(OLS)http://semarc/number/104286 996 $6245$aGiovanni Pisano, il pulpito di Pistoia$9(OLS)http://semarc/title/175493 996 $6260$a[Milano] :$bGiorgio Mondadori & Associati$9(OLS)http://semarc/publisher/32995